000 00637nam a2200205Ia 4500
001 5524
003 GE_BSU
008 181216s||||||||xx |||||||||||||| ||und||
040 _cGE_BSU
080 _a51(072)
100 _aКипнис И.М.
245 _aСборник прикладных задач на неравенства : Пособие для учителей.
245 _cРед Л. А. Сидорова
260 _aМосква
260 _bУчпедгиз,
260 _c1961.
300 _a102 с. 20 см.
653 _aСборник прикладных задач на неравенства
942 _cBK
999 _c39018
_d39018